000 00480nam a22001817a 4500
003 CEME
005 20210628204154.0
008 210202b xxu||||| |||| 00| 0 eng d
020 _a81-7808-286-1
040 _c.
082 _a621.38152 AGR
100 _aAgrawal, Jai.P
_969094
245 _aPower electronic systems theory and design
260 _aINDIA
_bPEARSON EDUCATION ASIA
_c2001
300 _aXII,562P
650 _aPOWER ELECTRONIC SYSTEMS
_969095
942 _cBK
_2ddc
999 _c576501
_d576501